Olympique de Marseille - Tous les joueurs (1990-2000) - Statistiques

Statistiques générales
  • Ce quiz a été pris 45 fois
  • Le résultat moyen est 38 sur 131
Statistiques - réponses
Saisons Nationalité Joueur Nb de matchs % Correct
1990-1993 Ghana Abedi Pelé 103
94%
1992-1995 France Fabien Barthez 106
94%
1990-1992 France Jean-Pierre Papin 73
94%
1990-1994 France Basile Boli 131
91%
1992-1994 Allemagne Rudi Völler 58
88%
1990-1992 Angleterre Chris Waddle 70
85%
1991-1994 France Didier Deschamps 106
82%
1990-1994 France Eric di Meco 87
82%
1997-1999 France Laurent Blanc 63
79%
1997-1998 France Serge Blanc 29
79%
1991-1993 France Franck Sauzée 57
76%
1995-1996 France Guillaume Deschamps 3
76%
1992-1994 France Marcel Desailly 47
76%
1992-1994 Croatie Alen Boksic 49
74%
1997-2000 Italie Fabrizio Ravanelli 64
74%
1990-1993 France Pascal Olmeta 84
71%
1998-2000 France Robert Pirès 66
71%
1997-2000 France Christophe Dugarry 52
68%
1990-1993, 1995-1996 France Manuel Amoros 90
68%
1991-1994 France Jocelyn Angloma 86
65%
1990-1992 Brésil Carlos Mozer 62
62%
1994-1997 Irlande Tony Cascarino 84
62%
1998-2000 France Florian Maurice 49
56%
1990-1991 France Eric Cantona 18
53%
1992-1993 France Jean-Jacques Eydelie 27
53%
1994-1996 France Joël Cantona 26
53%
1998-2000 France Stéphane Porato 59
53%
1996-1999 Allemagne Andreas Köpke 68
50%
1994-1997 France Bernard Ferrer 85
50%
1993-1994 Brésil Sonny Anderson 20
50%
1997-1998 France Claude Makélélé 32
47%
1990-1991, 1994-1995 France Bruno Germain 69
44%
1991-1997 France Jean-Philippe Durand 158
41%
1996-2000 Afrique du Sud Pierre Issa 37
41%
1996-1998 France Xavier Gravelaine 62
41%
1999-2000 Algérie Djamel Belmadi 9
38%
1996-1999 France Eric Roy 87
38%
1993-1999 Comores Hamada Jambay 113
38%
1999-2000 Côte d'Ivoire Ibrahima Bakayoko 23
35%
1992-1993 France Jean-Marc Ferreri 19
35%
1990-1991 France Jean Tigana 19
35%
1991-1992, 1993-1998 France Marc Libbra 130
35%
1998-2000 France Peter Luccin 51
35%
1998-1999 France Daniel Bravo 20
32%
1990-1991 France Laurent Fournier 17
32%
1997-2000 France William Gallas 55
32%
1996-1997 Bulgarie Yordan Letchkov 28
32%
1993-1994 France Alain Boghossian 28
29%
1990-1991, 1993-1994 Serbie Dragan Stojkovic 29
29%
1999-2000 France Jérôme Leroy 11
29%
1993-1994 Portugal Rui Barros 17
29%
1997-1999 Guinée Titi Camara 60
29%
1990-1991 France Bernard Pardo 26
26%
1997-1999 Côte d'Ivoire Cyril Domoraud 57
26%
1999-2000 Guinée Kaba Diawara 15
26%
1994-1996 France Marcel Dib 76
26%
1990-1991 France Philippe Vercruysse 27
26%
1999-2000 France Stéphane Dalmat 29
26%
1999-2000 France Cyrille Pouget 12
24%
1992-1994 France Jean-Christophe Thomas 35
24%
1995-1997 France Christophe Galtier 61
21%
1997-2000 France Frédéric Brando 81
21%
1994-1998 France Jean-Christophe Marquet 89
21%
1995-1997 France Jérôme Alonzo 45
21%
1998-1999 France Jocelyn Gourvennec 23
21%
1996-1997 France Reynald Pedros 23
21%
1999-2000 France Sébastien Perez 29
21%
1999-2000 France Stéphane Trévisan 6
21%
1991-1992 Angleterre Trevor Steven 28
21%
1993-1994 France William Prunier 35
21%
1991-1992 France Daniel Xuereb 17
18%
1993-1994 Portugal Futre 8
18%
1999-2000 France Jacques Abardonado 6
18%
1999-2000 France Lilian Martin 2
18%
1998-2000 France Patrick Blondeau 46
18%
1996-1997 Angleterre Chris Makin 29
15%
1993-1994 France Daniel Dutuel 30
15%
1999-2000 Argentine Eduardo Berizzo 13
15%
1999-2000 France Franck Dumas 12
15%
1999-2000 Espagne Ivan de la Pena 12
15%
1995-1996 France Jean Hernandez 31
15%
1994-1995 Belgique Michel De Wolf 39
15%
1996-1997 Italie Alberto Malusci 27
12%
1992-1993 Cameroun François Omam-Biyik 1
12%
1994-1995, 1996-1998 France Laurent Spinosi 5
12%
1994-1998 France Ludovic Asuar 68
12%
1992-1993 Espagne Martin Vazquez 7
12%
1995-1996 Serbie Nenad Bjekovic 17
12%
1994-1998 France Olivier Echouafni 86
12%
1997-1998 France Teddy Bertin 21
12%
1996-1997 Nigeria Victor Agali 5
12%
1997-1999 France Cédric Mouret 13
9%
1999-2000 Argentine Daniel Montenegro 5
9%
1999-2000 France Eric Decroix 3
9%
1997-1998 France François Lemasson 5
9%
1992-1993 Russie Igor Dobrovolski 8
9%
1997-1998 Monténégro Miladin Becanovic 12
9%
1991-1992 France Pascal Baills 17
9%
1993-1994 France Pascal Fugier 21
9%
1997-2000 Ghana Arthur Moses 19
6%
1999-2000 Mali Dramane Coulibaly 1
6%
1998-1999 Brésil Edson 8
6%
1990-1991 France Eric Lada 9
6%
1995-1996 Cameroun Fabrice Moreau 15
6%
1994-1997 France Franco Vignola 24
6%
1996-1997 Italie Ivan Franceschini 23
6%
1996-1997 Tunisie Mehdi Ben Slimane 19
6%
1997-1999 France Patrick Colleter 41
6%
1999-2000 Mali Seydou Keita 6
6%
1998-1999 Côte d'Ivoire Tchiressoua Guel 2
6%
1997-1998, 1999-2000 France Yannick Fischer 22
6%
1995-1996 Algérie Abdelhalim Bibi 1
3%
1994-1995 Zambie Andrew Tembo 2
3%
1993-1995 France Cyril Revillet 10
3%
1994-1995 France Didier Wacouboue 23
3%
1990-1991 France Eric Mura 4
3%
1993-1994 France Fabrice Henry 19
3%
1995-1996 France Frédéric Tatarian 22
3%
1995-1996 France Frédéric Vernet 1
3%
1994-1995 France Jean-Manuel Thétis 22
3%
1999-2000 France Jean-Pierre Cyprien 7
3%
1999-2000 France Karim Dahou 4
3%
1996-1997, 1998-1999 France Martial Robin 9
3%
1995-1997 France Olivier Deso 4
3%
1991-1992 France Patrice Eyraud 4
3%
1993-1994 France Philippe De Azevedo 1
3%
1999-2000 France Richard Martini 3
3%
1994-1996 France Stephano Mazzolini 28
3%
1993-1994 France Thomas Videau 2
3%
1995-1996 France Xavier Imbert 2
3%
1999-2000 France Loris Reina 6
0%
Aucun quiz correspondant
Distribution des résultats
% des personnes avec chaque résultat
Percentile par nombre de réponses
Votre historique - résultats
Vous n’avez pas pris ce quiz